Knox County Regional Airport Destinations (Rockland, ME, USA) - Statistics

General Stats
  • This quiz has been taken 31 times
    13 since last reset
  • The average score is 4 of 12
Answer Stats
Airline Destination % Correct
Cape Air Boston
100%
Penobscot Island Air Portland
91%
Penobscot Island Air Bangor
82%
Ameriflight Manchester
45%
Penobscot Island Air Bar Harbor
36%
Penobscot Island Air Belfast
9%
Penobscot Island Air Big Green Island
0%
Penobscot Island Air Criehaven
0%
Penobscot Island Air Islesboro
0%
Penobscot Island Air Matinicus
0%
Penobscot Island Air North Haven
0%
Penobscot Island Air Stonington
0%
No matching quizzes found
Score Distribution
Percent of People with Each Score
Percentile by Number Answered
Your Score History
You have not taken this quiz since the last reset